000 01532cac a22003491u 4500
090 _c4150
008 081105t2004 xxu||||| |||| 00| 0 eng d
010 _a2003056001
020 _a0764123491 (book)
020 _a0764179098 (package w/CD-ROM)
082 0 0 _a150.76
_bMCE
100 _aMcEntarffer, Robert.
245 1 0 _aBarron's how to prepare for the AP pscyhology advanced placement examination /
_cRobert McEntarffer, Allyson J. Weseley.
246 3 _aHow to prepare for the AP psychology advanced placement examination
246 3 _aAP psychology
250 _a2nd ed.
260 _aHauppauge, N.Y. :
_bBarron's,
_cc2004.
300 _av, 314 p. ;
_c28 cm.
500 _aIncludes index.
500 _aDistributer : Dar Fathy Taha Mohamed Desoukey
511 _aCatalogued by: Sara
538 _aSystem requirements for accopmanying CD-ROM: Windows and Mac.
650 0 _aPsychology
_vExaminations, questions, etc.
650 0 _aPsychology
_xExaminations
_vStudy guides.
650 0 _aAdvanced placement programs (Education)
700 1 _aWeseley, Allyson.
856 4 2 _3Publisher description
_uhttp://www.loc.gov/catdir/enhancements/fy0614/2003056001-d.html
856 4 2 _3Table of contents only
_uhttp://www.loc.gov/catdir/enhancements/fy0614/2003056001-t.html
942 _cBB
_k150.76MCE
_2ddc
999 _c4150
_d4150